000 00476nam a2200181Ia 4500
999 _c2707
_d2707
008 200103s9999||||xx |||||||||||||| ||und||
020 _a1850442436
082 _a347.845
_bRIC
100 _aRichardson, John
245 2 _aA guide to the hangue and hague-visby rules
250 _a2nd Ed.
260 _bLloyd's of London Press Ltd.
_c1989
_aLondon
300 _a82p.
650 _aGreat Britain
650 _aBills of lading
650 _aContracts, Maritime
942 _cBK